[Event "DEM U12/U12w 2015"]
[Site "Willingen GER"]
[Date "2015.05.25"]
[Round "3"]
[White "Nguyen, Vanessa"]
[Black "Schnabel, Luise"]
[Result "1/2-1/2"]
[Termination "normal"]
[Board "37"]
[WhiteElo "923"]
[BlackElo "1458"]
[PlyCount "117"]
[WhiteFideId "12993492"]
[BlackFideId "12943347"]
[EventCountry "GER"]
[EventRounds "11"]
[EventType "swiss"]
[EventDate "2015.05.23"]

1. e4 e5 2. Nf3 Nc6 3. d3 Nf6 4. Be2 d5 5. exd5 Nxd5 6. b3 f6 7. c4 Nb6 8. O-O
Be6 9. Be3 Qd7 10. Qc2 O-O-O 11. Nbd2 Nb4 12. Qc3 Nxd3 13. Rab1 Bb4 14. Qc2 Nf4
15. Rfd1 Nxe2+ 16. Kf1 Nd4 17. Nxd4 exd4 18. Ne4 d3 19. Qc1 Qc6 20. f3 Bf5 21.
c5 Nd5 22. a3 Nxe3+ 23. Qxe3 Bxa3 24. Rxd3 Rxd3 25. Qxd3 Bxe4 26. fxe4 Qxc5 27.
b4 Bxb4 28. Rd1 Qd6 29. Qh3+ Kd8 30. Rxd6+ Bxd6 31. Qd3 Ke7 32. Qd5 c6 33. Qb3
Rb8 34. Qe3 c5 35. g4 b5 36. Ke1 b4 37. Kd1 g5 38. e5 fxe5 39. Qxg5+ Ke6 40.
Qh6+ Kd5 41. Qd2+ Kc6 42. Qg2+ Kd7 43. Qc2 b3 44. Qxh7+ Be7 45. Qf5+ Kd6 46.
Qd3+ Kc6 47. Kc1 Rb6 48. Qh7 b2+ 49. Kb1 Kd6 50. h4 a5 51. g5 a4 52. g6 Bf6 53.
Qa7 Rb4 54. h5 e4 55. Qa6+ Ke7 56. Qa7+ Kd6 57. Qa6+ Ke7 58. Qa7+ Kd6 59. Qa6+
1/2-1/2

[Event "DEM U12/U12w 2015"]
[Site "Willingen GER"]
[Date "2015.05.25"]
[Round "3"]
[White "Ziegenfuß, Larissa"]
[Black "Abele, Anais"]
[Result "1/2-1/2"]
[Termination "normal"]
[Board "38"]
[WhiteElo "1574"]
[BlackElo "1210"]
[PlyCount "61"]
[WhiteFideId "12974722"]
[BlackFideId "16208927"]
[EventCountry "GER"]
[EventRounds "11"]
[EventType "swiss"]
[EventDate "2015.05.23"]

1. e4 e5 2. Nf3 Nc6 3. d4 exd4 4. Bc4 Nf6 5. O-O Nxe4 6. Re1 d5 7. Bxd5 Qxd5 8.
Nc3 Qh5 9. Nxe4 Be6 10. Bg5 Bd6 11. Nxd6+ cxd6 12. Bf4 O-O-O 13. Nxd4 Qxd1 14.
Raxd1 Nxd4 15. Rxd4 d5 16. Re3 Rd7 17. Rc3+ Kd8 18. Ra3 a6 19. Be3 Ke7 20. Rc3
Re8 21. Rf4 Kf8 22. Bc5+ Kg8 23. Kf1 f6 24. Bd4 Bf7 25. Re3 Rde7 26. Rff3 Rxe3
27. Rxe3 Rxe3 28. Bxe3 d4 29. Bxd4 Bxa2 30. Ke1 Be6 31. Kd2 1/2-1/2

[Event "DEM U12/U12w 2015"]
[Site "Willingen GER"]
[Date "2015.05.25"]
[Round "3"]
[White "Khamenya, Vitalia"]
[Black "Sinnhöfer, Lilian"]
[Result "1/2-1/2"]
[Termination "normal"]
[Board "39"]
[WhiteElo "1570"]
[BlackElo "1106"]
[PlyCount "45"]
[WhiteFideId "12959260"]
[BlackFideId "12977586"]
[EventCountry "GER"]
[EventRounds "11"]
[EventType "swiss"]
[EventDate "2015.05.23"]

1. e4 e5 2. Nf3 Nc6 3. Bc4 Nf6 4. d3 Bc5 5. c3 d5 6. exd5 Nxd5 7. O-O O-O 8. d4
exd4 9. cxd4 Bb6 10. h3 Nf6 11. Be3 h6 12. Nc3 Na5 13. Bd3 Be6 14. Qe2 Re8 15.
Na4 Bd7 16. Nxb6 axb6 17. Qd2 Nd5 18. Rfe1 Nxe3 19. Rxe3 Rxe3 20. Qxe3 Qf6 21.
Qe5 Qxe5 22. dxe5 Nc6 23. a3 1/2-1/2

[Event "DEM U12/U12w 2015"]
[Site "Willingen GER"]
[Date "2015.05.25"]
[Round "3"]
[White "Ewerhardy, Moritz"]
[Black "Knape, Albert"]
[Result "1/2-1/2"]
[Termination "normal"]
[Board "40"]
[WhiteElo "1337"]
[BlackElo "1222"]
[PlyCount "47"]
[WhiteFideId "36052086"]
[BlackFideId "16208919"]
[EventCountry "GER"]
[EventRounds "11"]
[EventType "swiss"]
[EventDate "2015.05.23"]

1. e4 e5 2. Nf3 Nc6 3. Bc4 Bc5 4. b4 Bb6 5. a4 a6 6. c3 d6 7. d4 Bg4 8. h3 Bxf3
9. Qxf3 Qf6 10. Qxf6 Nxf6 11. d5 Nb8 12. Bd3 Nbd7 13. O-O Ke7 14. Kh1 h6 15. f4
Nh5 16. Kh2 g6 17. fxe5 Nxe5 18. Bc2 g5 19. Nd2 Be3 20. Nf3 Bxc1 21. Raxc1 f6
22. Nd4 Ng7 23. Rf2 Raf8 24. Rcf1 1/2-1/2

[Event "DEM U12/U12w 2015"]
[Site "Willingen GER"]
[Date "2015.05.25"]
[Round "3"]
[White "Popist, Florian"]
[Black "Fischer, Laura"]
[Result "1-0"]
[Termination "normal"]
[Board "41"]
[WhiteElo "1422"]
[BlackElo "1207"]
[PlyCount "119"]
[WhiteFideId "16203518"]
[BlackFideId "16208935"]
[EventCountry "GER"]
[EventRounds "11"]
[EventType "swiss"]
[EventDate "2015.05.23"]

1. e4 e5 2. Nf3 Nc6 3. d4 exd4 4. Nxd4 Bc5 5. Nb3 Bb6 6. Nc3 d6 7. Qe2 Nf6 8.
Be3 O-O 9. O-O-O Re8 10. f3 Bf5 11. Qf2 Bxe3+ 12. Qxe3 d5 13. Nxd5 Nxd5 14. Qf2
Qg5+ 15. Qd2 Qxd2+ 16. Rxd2 Bxe4 17. fxe4 Nf6 18. Bb5 Nxe4 19. Rd7 Rac8 20. Re1
Re6 21. Bc4 Re5 22. Rxf7 Kh8 23. Rf4 Nd6 24. Ref1 Ree8 25. Be6 Rcd8 26. Bd7 Rg8
27. Bxc6 bxc6 28. Nd4 Nb5 29. Nxc6 Rde8 30. a4 Nd6 31. Nxa7 g5 32. R4f3 Ra8 33.
Nb5 Rxa4 34. Nxd6 cxd6 35. b3 Ra1+ 36. Kb2 Rxf1 37. Rxf1 Kg7 38. Kc3 Rc8+ 39.
Kd3 Kg6 40. g4 d5 41. Rf5 d4 42. Rf2 h5 43. gxh5+ Kxh5 44. Kxd4 Kh4 45. c4 Rd8+
46. Kc3 g4 47. c5 g3 48. hxg3+ Kxg3 49. Rd2 Rc8 50. Kc4 Kf4 51. b4 Ke5 52. b5
Ke6 53. c6 Ke7 54. Kc5 Ke8 55. b6 Rd8 56. Rxd8+ Kxd8 57. c7+ Kc8 58. Kd6 Kb7
59. Kd7 Kxb6 60. c8=Q 1-0

[Event "DEM U12/U12w 2015"]
[Site "Willingen GER"]
[Date "2015.05.25"]
[Round "3"]
[White "Rothenberg, Nina"]
[Black "Höfs, Cederik"]
[Result "0-1"]
[Termination "normal"]
[Board "42"]
[WhiteElo "1174"]
[BlackElo "1377"]
[PlyCount "124"]
[WhiteFideId "16208943"]
[BlackFideId "16207653"]
[EventCountry "GER"]
[EventRounds "11"]
[EventType "swiss"]
[EventDate "2015.05.23"]

1. e4 e5 2. Nf3 Nc6 3. Bc4 Nf6 4. d3 Bc5 5. Bg5 d6 6. h3 Be6 7. Bb3 h6 8. Bh4
Qe7 9. Nbd2 O-O-O 10. Qe2 g5 11. Bg3 Nh5 12. O-O-O Nxg3 13. fxg3 Kb8 14. Nc4 g4
15. Nfd2 Qd7 16. h4 Nd4 17. Qf1 f5 18. c3 Nxb3+ 19. axb3 Rhf8 20. Qe2 Qb5 21.
b4 Bb6 22. Na3 Qd7 23. Rhf1 Qh7 24. Ndc4 fxe4 25. Qxe4 Qxe4 26. dxe4 Bf2 27.
Rd3 b5 28. Na5 Bd7 29. Kd1 a6 30. Nc2 Bb6 31. Ke1 Rxf1+ 32. Kxf1 Rf8+ 33. Ke1
Rf2 34. Rd2 Rxd2 35. Kxd2 Bf2 36. Ne3 Bxg3 37. h5 Bf4 38. Ke2 Bxe3 39. Kxe3 Be8
40. Kf2 Bxh5 41. Nb3 Kc8 42. Nd2 Kd7 43. Nf1 Bg6 44. Ke3 h5 45. Ng3 Ke6 46. Nf1
c6 47. Nd2 d5 48. g3 Bxe4 49. Nxe4 dxe4 50. Kxe4 Kf6 51. b3 Ke6 52. c4 bxc4 53.
bxc4 Kf6 54. c5 Ke6 55. Ke3 Kd5 56. Kd3 e4+ 57. Ke3 Ke5 58. Kd2 Kd4 59. Ke2 e3
60. Kd1 Kd3 61. Ke1 e2 62. Kf2 Kd2 0-1

[Event "DEM U12/U12w 2015"]
[Site "Willingen GER"]
[Date "2015.05.25"]
[Round "3"]
[White "Zha, Kevin"]
[Black "Stelljes, Fabian"]
[Result "0-1"]
[Termination "normal"]
[Board "43"]
[WhiteElo "1154"]
[BlackElo "1342"]
[PlyCount "92"]
[WhiteFideId "16208951"]
[BlackFideId "16201370"]
[EventCountry "GER"]
[EventRounds "11"]
[EventType "swiss"]
[EventDate "2015.05.23"]

1. e4 d5 2. exd5 Nf6 3. Be2 Nxd5 4. Nf3 Nc6 5. d4 Bf5 6. a3 e6 7. c4 Nb6 8. Be3
Be7 9. Nbd2 Bf6 10. Nb3 Qd7 11. O-O h5 12. h3 O-O-O 13. Rc1 Be7 14. Ng5 Bxg5
15. Bxg5 f6 16. Be3 Qe8 17. Bd3 Bxd3 18. Qxd3 g5 19. Rfe1 g4 20. d5 gxh3 21.
Bxb6 axb6 22. Qxh3 Ne5 23. dxe6 Nd3 24. e7+ Rd7 25. Qxd7+ Qxd7 26. e8=Q+ Rxe8
27. Rxe8+ Qxe8 28. Rc2 Qe1+ 29. Kh2 Nxb2 30. g3 Nd3 31. Kg2 Nf4+ 32. Kh2 Qe4
33. gxf4 Qxc2 34. Na1 Qb2 35. Kh3 Qxa1 36. a4 Kd7 37. f5 Qg1 38. f3 Ke8 39. a5
bxa5 40. c5 h4 41. Kxh4 Qg2 42. c6 b6 43. f4 Kf7 44. Kh5 Qg3 45. Kh6 Qg4 46.
Kh7 Qg7# 0-1

[Event "DEM U12/U12w 2015"]
[Site "Willingen GER"]
[Date "2015.05.25"]
[Round "3"]
[White "Delgado, Celina"]
[Black "Ruppert, Paula"]
[Result "1-0"]
[Termination "normal"]
[Board "44"]
[WhiteElo "1153"]
[BlackElo "1443"]
[PlyCount "51"]
[WhiteFideId "12993735"]
[BlackFideId "12979996"]
[EventCountry "GER"]
[EventRounds "11"]
[EventType "swiss"]
[EventDate "2015.05.23"]

1. d4 f5 2. c4 Nf6 3. Nf3 e6 4. e3 Be7 5. Bd3 O-O 6. O-O d6 7. Nc3 Nbd7 8. e4
fxe4 9. Nxe4 Nxe4 10. Bxe4 Nf6 11. Bc2 b6 12. Qd3 Bb7 13. Re1 Qd7 14. Ng5 Qc6
15. f3 g6 16. Nxe6 Rf7 17. Bh6 Re8 18. Ng5 Rg7 19. Bxg7 Kxg7 20. Re3 Ng4 21. d5
Qd7 22. Ne6+ Kg8 23. fxg4 c6 24. Rf1 Ba6 25. dxc6 Qxc6 26. Qc3 1-0

[Event "DEM U12/U12w 2015"]
[Site "Willingen GER"]
[Date "2015.05.25"]
[Round "3"]
[White "Biermann, Sophie"]
[Black "Glinzner, Alva"]
[Result "0-1"]
[Termination "normal"]
[Board "45"]
[WhiteElo "1136"]
[BlackElo "1257"]
[PlyCount "138"]
[WhiteFideId "16208960"]
[BlackFideId "16206169"]
[EventCountry "GER"]
[EventRounds "11"]
[EventType "swiss"]
[EventDate "2015.05.23"]

1. e4 d5 2. exd5 Qxd5 3. Nc3 Qa5 4. d4 c6 5. Nf3 Nf6 6. Bd2 Qc7 7. Bd3 Bg4 8.
O-O e6 9. Be2 Bd6 10. g3 Bh3 11. Re1 O-O 12. Ng5 Bf5 13. Bc4 Nbd7 14. Nge4 Be7
15. Qf3 b5 16. Bb3 h6 17. Nxf6+ Nxf6 18. Bf4 Qd7 19. Ne4 Bxe4 20. Rxe4 Nxe4 21.
Qxe4 a5 22. a4 b4 23. c3 Ra7 24. Bc2 f5 25. Qe3 Rf6 26. Bb3 Rb7 27. Be5 Rg6 28.
cxb4 Rxb4 29. Rc1 Bd6 30. Rd1 Bxe5 31. dxe5 Qb7 32. Rd8+ Kh7 33. Bd1 Re4 34.
Qc3 Qb6 35. Rd7 Rh4 36. Qf3 Qxb2 37. Bb3 Qxe5 38. Qd3 c5 39. Rb7 c4 40. Bxc4
Qa1+ 41. Kg2 Qxa4 42. Rc7 Qa1 43. Qe3 Re4 44. Qd2 a4 45. Bd3 Rd4 46. Qe3 a3 47.
Rc1 Qb2 48. Rb1 Qc3 49. Rd1 a2 50. Qc1 Qxc1 51. Rxc1 Rxd3 52. Ra1 Ra3 53. h3 e5
54. Kf1 e4 55. Ke2 Rb6 56. g4 Rb1 57. Rxa2 Rxa2+ 58. Ke3 fxg4 59. hxg4 Kg6 60.
Kxe4 Rxf2 61. Ke3 Rbf1 62. Ke4 Re1+ 63. Kd3 Rf4 64. g5 Kxg5 65. Kd2 Rh1 66. Ke2
Rh3 67. Kd2 Rf2+ 68. Ke1 Ra2 69. Kf1 Rh1# 0-1

[Event "DEM U12/U12w 2015"]
[Site "Willingen GER"]
[Date "2015.05.25"]
[Round "3"]
[White "Zell, Hannah"]
[Black "Fuchs, Emily"]
[Result "1-0"]
[Termination "normal"]
[Board "46"]
[WhiteElo "1224"]
[BlackElo "946"]
[PlyCount "183"]
[WhiteFideId "16208900"]
[BlackFideId "16208986"]
[EventCountry "GER"]
[EventRounds "11"]
[EventType "swiss"]
[EventDate "2015.05.23"]

1. e4 e5 2. Nf3 Nc6 3. Bb5 d6 4. c3 Bd7 5. Ba4 Nf6 6. d3 h6 7. Nbd2 a6 8. h3
Qe7 9. Nf1 b5 10. Bb3 Be6 11. Bxe6 Qxe6 12. Ng3 g6 13. Be3 Bg7 14. Qd2 Rd8 15.
Qc2 O-O 16. O-O b4 17. Qa4 Qd7 18. Qc2 Rb8 19. Qd2 Kh7 20. Nh2 d5 21. Qc1 Na5
22. Bc5 Rfd8 23. Bxb4 Nc6 24. Bc5 Rb5 25. Be3 d4 26. cxd4 exd4 27. Bd2 Rc8 28.
f4 Nb4 29. Bxb4 Rxb4 30. f5 c5 31. b3 a5 32. Rb1 Qd6 33. Ne2 Nh5 34. Rf3 Be5
35. Nf1 Rcb8 36. g4 Nf6 37. Nf4 a4 38. fxg6+ fxg6 39. Ne2 axb3 40. axb3 Rxb3
41. Rxb3 Rxb3 42. Qc4 Rb1 43. Qf7+ Kh8 44. Qxg6 Qe6 45. Qxh6+ Kg8 46. Qg6+ Kf8
47. Qf5 Qe7 48. Qc8+ Kf7 49. Qf5 Rb6 50. Qh7+ Ke8 51. Qxe7+ Kxe7 52. Nfg3 Bxg3
53. Nxg3 Rb1+ 54. Rf1 Rb3 55. Nf5+ Ke6 56. Rd1 Ke5 57. Kg2 Kf4 58. Rf1+ Kg5 59.
Nd6 Rxd3 60. Rf5+ Kg6 61. Rxc5 Nd7 62. Rf5 Rd2+ 63. Rf2 Rxf2+ 64. Kxf2 Kg5 65.
Nf5 d3 66. Ke3 Nc5 67. e5 Ne6 68. Kxd3 Kf4 69. Ke2 Kxe5 70. Kf3 Kf6 71. Kg3 Kg5
72. h4+ Kg6 73. Ne7+ Kh6 74. Kf3 Ng5+ 75. hxg5+ Kxg5 76. Ng8 Kh4 77. Kf4 Kh3
78. Kf5 Kh4 79. Ne7 Kh3 80. g5 Kg3 81. g6 Kf3 82. g7 Ke3 83. g8=Q Kf3 84. Qg4+
Ke3 85. Qe4+ Kf2 86. Qd3 Kg2 87. Qe3 Kf1 88. Qd2 Kg1 89. Qe2 Kh1 90. Nd5 Kg1
91. Ne3 Kh1 92. Qg2# 1-0

[Event "DEM U12/U12w 2015"]
[Site "Willingen GER"]
[Date "2015.05.25"]
[Round "4"]
[White "Li, Simon"]
[Black "Weishäutel, Moritz"]
[Result "1-0"]
[Termination "normal"]
[Board "1"]
[WhiteElo "1907"]
[BlackElo "1963"]
[WhiteClock "00:13:56"]
[BlackClock "00:22:04"]
[PlyCount "81"]
[WhiteFideId "12972134"]
[BlackFideId "12967300"]
[EventCountry "GER"]
[EventRounds "11"]
[EventType "swiss"]
[EventDate "2015.05.23"]

1. e4 e6 2. d4 d5 3. Nc3 Nf6 4. e5 Nfd7 5. Nce2 c5 6. c3 Nc6 7. f4 Qb6 8. Nf3
Be7 9. a3 f6 10. h4 O-O 11. b4 cxd4 12. cxd4 fxe5 13. dxe5 a5 14. b5 Na7 15.
Ned4 Nc5 16. Be3 Bd7 17. Rc1 Rac8 18. a4 Ne4 19. Nc2 Bc5 20. Nfd4 Nc3 21. Qh5
Na2 22. Bd3 h6 23. Ra1 Nb4 24. Qg6 Rf7 25. Rh3 Nxc2+ 26. Nxc2 Bxe3 27. Nxe3 Qd4
28. Rd1 Qxf4 29. Ng4 Kf8 30. Ke2 Qxa4 31. Rf3 Rxf3 32. gxf3 Nxb5 33. Nxh6 Nc3+
34. Kf2 Nxd1+ 35. Kg3 Be8 36. Qxe6 Qc6 37. Qf5+ Ke7 38. Qg5+ Kd7 39. Bb5 Qxb5
40. Qxg7+ Kd8 41. Qf6+ 1-0

[Event "DEM U12/U12w 2015"]
[Site "Willingen GER"]
[Date "2015.05.25"]
[Round "4"]
[White "Tong, Kevin"]
[Black "Bui, Ngoc Han Julia"]
[Result "1-0"]
[Termination "normal"]
[Board "2"]
[WhiteElo "2017"]
[BlackElo "1596"]
[WhiteClock "00:17:24"]
[BlackClock "00:10:31"]
[PlyCount "49"]
[WhiteFideId "12913944"]
[BlackFideId "12977055"]
[EventCountry "GER"]
[EventRounds "11"]
[EventType "swiss"]
[EventDate "2015.05.23"]

1. e4 c5 2. Nf3 d6 3. d4 cxd4 4. Nxd4 Nf6 5. Nc3 a6 6. Bg5 e6 7. f4 h6 8. Bxf6
Qxf6 9. Qd2 Nd7 10. O-O-O g5 11. f5 Ne5 12. Be2 h5 13. Kb1 Bd7 14. Rhf1 Qh6 15.
Nb3 Rc8 16. Qd4 b5 17. Qb6 Rc6 18. Qb8+ Rc8 19. Qb7 Nc4 20. Bxc4 bxc4 21. Na5
Qh7 22. f6 e5 23. Qxa6 Be6 24. Nb7 Qg8 25. Nb5 1-0

[Event "DEM U12/U12w 2015"]
[Site "Willingen GER"]
[Date "2015.05.25"]
[Round "4"]
[White "Stork, Oliver"]
[Black "Zimmer, Raphael"]
[Result "1-0"]
[Termination "normal"]
[Board "3"]
[WhiteElo "1844"]
[BlackElo "1977"]
[WhiteClock "00:09:42"]
[BlackClock "00:13:48"]
[PlyCount "139"]
[WhiteFideId "12955728"]
[BlackFideId "12978841"]
[EventCountry "GER"]
[EventRounds "11"]
[EventType "swiss"]
[EventDate "2015.05.23"]

1. e4 e5 2. Nf3 Nc6 3. Bc4 Bc5 4. b4 Bb6 5. a4 a6 6. c3 Nf6 7. d3 O-O 8. O-O d6
9. Be3 Ba7 10. Nbd2 Ne7 11. Bb3 Ng6 12. Re1 c6 13. Nf1 Bb8 14. a5 d5 15. Ng3
Be6 16. Qc2 Ng4 17. Bc5 Re8 18. Rad1 Nf4 19. h3 Nh6 20. d4 exd4 21. Nxd4 Qh4
22. exd5 cxd5 23. c4 dxc4 24. Bxc4 Bc7 25. Nxe6 Nxe6 26. Bxe6 fxe6 27. Qb3 Bxg3
28. fxg3 Qf6 29. Rd6 Nf5 30. Rdxe6 Rxe6 31. Qxe6+ Qxe6 32. Rxe6 Kf7 33. Rb6
Nxg3 34. Rxb7+ Kg6 35. Kh2 Ne4 36. Bd4 Nf6 37. Bxf6 Kxf6 38. Kg3 h6 39. Kf4 Rc8
40. Rb6+ Kf7 41. Ke5 Ra8 42. Kd6 Ra7 43. Kc6 Kf6 44. Rb8 Kg5 45. Kb6 Rf7 46.
Kxa6 Kf4 47. b5 Kg3 48. Rc8 Kxg2 49. b6 Kxh3 50. b7 Rf6+ 51. Kb5 Rf5+ 52. Rc5
Rf1 53. Ka6 Rf6+ 54. Ka7 Rf7 55. Ka8 g5 56. b8=Q g4 57. Qb3+ Rf3 58. Qd1 Rf8+
59. Kb7 Rf7+ 60. Rc7 Rxc7+ 61. Kxc7 g3 62. Qh1+ Kg4 63. Qxh6 g2 64. Qb6 Kh3 65.
Qg1 Kg3 66. a6 Kh3 67. a7 Kg3 68. a8=Q Kh4 69. Qaxg2 Kh5 70. Qg5# 1-0

[Event "DEM U12/U12w 2015"]
[Site "Willingen GER"]
[Date "2015.05.25"]
[Round "4"]
[White "Meric, Geoffrey"]
[Black "Yankelevich, Michael"]
[Result "1/2-1/2"]
[Termination "normal"]
[Board "4"]
[WhiteElo "1476"]
[BlackElo "1810"]
[WhiteClock "00:00:33"]
[BlackClock "00:54:45"]
[PlyCount "81"]
[WhiteFideId "26092891"]
[BlackFideId "12921440"]
[EventCountry "GER"]
[EventRounds "11"]
[EventType "swiss"]
[EventDate "2015.05.23"]

1. e4 c5 2. Nf3 e6 3. d4 cxd4 4. Nxd4 Nf6 5. Nc3 d6 6. g3 a6 7. Bg2 Nbd7 8. O-O
Qc7 9. Be3 Rb8 10. f4 b5 11. f5 e5 12. Nb3 Bb7 13. Nd5 Nxd5 14. exd5 Nb6 15.
Na5 Nc4 16. Nxc4 Qxc4 17. Qd2 Rc8 18. c3 Be7 19. h3 h5 20. Kh2 a5 21. Rfc1 Bf6
22. b3 Qc7 23. Rab1 Qd7 24. Qd3 O-O 25. c4 bxc4 26. bxc4 Bd8 27. Rb2 Ba6 28.
Be4 Qa4 29. Rbc2 Rb8 30. Qe2 h4 31. Qh5 hxg3+ 32. Kxg3 f6 33. Kh2 Qa3 34. Bh6
Rf7 35. Rg1 Rbb7 36. Bxg7 Rxg7 37. Qe8+ Kh7 38. Qh5+ Kg8 39. Qe8+ Kh7 40. Qh5+
Kg8 41. Qe8+ 1/2-1/2

[Event "DEM U12/U12w 2015"]
[Site "Willingen GER"]
[Date "2015.05.25"]
[Round "4"]
[White "Suvorov, Alexander"]
[Black "Trifan, Andrei Ioan"]
[Result "0-1"]
[Termination "normal"]
[Board "5"]
[WhiteElo "1938"]
[BlackElo "1864"]
[WhiteClock "00:01:49"]
[BlackClock "00:13:13"]
[PlyCount "106"]
[WhiteFideId "12977063"]
[BlackFideId "12967068"]
[EventCountry "GER"]
[EventRounds "11"]
[EventType "swiss"]
[EventDate "2015.05.23"]

1. Nf3 Nf6 2. c4 c5 3. Nc3 d5 4. cxd5 Nxd5 5. d3 Nc6 6. g3 e5 7. Bg2 Nc7 8. O-O
Be7 9. b3 O-O 10. Bb2 f6 11. Rc1 Bd7 12. Qd2 Rc8 13. Ne1 Be8 14. Nc2 Qd7 15.
Rfd1 Bf7 16. e3 Rfd8 17. Ne2 Nd5 18. d4 Ndb4 19. Nxb4 Nxb4 20. Bc3 a5 21. Bxb4
axb4 22. d5 b5 23. Qd3 f5 24. e4 Ra8 25. Rc2 Bg6 26. f4 Bd6 27. fxe5 Bxe5 28.
Rdd2 c4 29. Qe3 c3 30. Rd1 fxe4 31. Bxe4 Qg4 32. Bxg6 Qxg6 33. Qd3 Qxd3 34.
Rxd3 Ra6 35. Kf2 Rad6 36. Ke3 Rxd5 37. Nc1 Bf6 38. Rxd5 Rxd5 39. Nd3 Be7 40.
Ke4 Rd8 41. h3 Rf8 42. h4 Rf1 43. h5 Rg1 44. Kf3 Bd6 45. g4 Rg3+ 46. Ke4 Rxg4+
47. Kd5 Bf8 48. Rh2 Be7 49. Kc6 Rd4 50. Ne5 Bd6 51. Nf3 Rd3 52. Rf2 Bg3 53. Rf1
c2 0-1

[Event "DEM U12/U12w 2015"]
[Site "Willingen GER"]
[Date "2015.05.25"]
[Round "4"]
[White "Kopylov, Daniel"]
[Black "Biermann, Lenhard"]
[Result "1-0"]
[Termination "normal"]
[Board "6"]
[WhiteElo "1812"]
[BlackElo "1622"]
[WhiteClock "00:06:34"]
[BlackClock "00:10:44"]
[PlyCount "97"]
[WhiteFideId "12921971"]
[BlackFideId "12970077"]
[EventCountry "GER"]
[EventRounds "11"]
[EventType "swiss"]
[EventDate "2015.05.23"]

1. e4 e6 2. d4 d5 3. Nd2 Nf6 4. e5 Nfd7 5. Bd3 c5 6. c3 Nc6 7. Ne2 cxd4 8. cxd4
f6 9. exf6 Nxf6 10. Nf3 Bd6 11. O-O Qc7 12. h3 O-O 13. Be3 Bd7 14. Rc1 Rac8 15.
Nc3 a6 16. a3 Qb8 17. Bb1 Ne7 18. Qd3 Nf5 19. Bg5 Bf4 20. Bxf4 Qxf4 21. Ne2 Qd6
22. Nc3 Qf4 23. Ne2 Qd6 24. Rxc8 Rxc8 25. Rc1 Rxc1+ 26. Nxc1 Qb6 27. Qb3 Qxb3
28. Nxb3 b6 29. Bd3 a5 30. Nbd2 Kf7 31. g4 Nd6 32. Ne5+ Ke7 33. g5 Nfe4 34.
Nxe4 Nxe4 35. h4 g6 36. Ng4 Nd2 37. Kg2 Nb3 38. Nf6 Nxd4 39. Nxh7 Nf5 40. Bxf5
exf5 41. Nf6 Bc6 42. Kf3 Ke6 43. Ke3 Ke5 44. f4+ Kd6 45. h5 gxh5 46. g6 Be8 47.
Nxe8+ Ke7 48. g7 Kf7 49. Nf6 1-0

[Event "DEM U12/U12w 2015"]
[Site "Willingen GER"]
[Date "2015.05.25"]
[Round "4"]
[White "Nguyen, Alex Dac-Vuong"]
[Black "Dobrikov, Marco"]
[Result "1/2-1/2"]
[Termination "normal"]
[Board "7"]
[WhiteElo "1885"]
[BlackElo "1947"]
[WhiteClock "00:57:31"]
[BlackClock "00:29:16"]
[PlyCount "71"]
[WhiteFideId "12984388"]
[BlackFideId "12950378"]
[EventCountry "GER"]
[EventRounds "11"]
[EventType "swiss"]
[EventDate "2015.05.23"]

1. e4 c5 2. Nf3 d6 3. d4 cxd4 4. Nxd4 Nf6 5. Nc3 g6 6. Be3 Bg7 7. f3 Nc6 8. Qd2
O-O 9. O-O-O d5 10. exd5 Nxd5 11. Nxc6 bxc6 12. Bd4 e5 13. Bc5 Be6 14. Bc4 Qh4
15. Bxd5 cxd5 16. Bxf8 Rxf8 17. Kb1 Rb8 18. g4 e4 19. fxe4 Qf6 20. exd5 Bxg4
21. Rdg1 Bf3 22. Rf1 Qb6 23. Na4 Qf6 24. Nc3 Qb6 25. Na4 Qf6 26. Nc3 Qxc3 27.
Qxc3 Bxc3 28. Rxf3 Rxb2+ 29. Kc1 Rxa2 30. Rxc3 Ra1+ 31. Kd2 Rxh1 32. d6 Rxh2+
33. Kd1 Rh1+ 34. Kd2 Rh2+ 35. Kd1 Rh1+ 36. Kd2 1/2-1/2

[Event "DEM U12/U12w 2015"]
[Site "Willingen GER"]
[Date "2015.05.25"]
[Round "4"]
[White "Sulayev, Daniel"]
[Black "Pajeken, Jakob Leon"]
[Result "0-1"]
[Termination "normal"]
[Board "8"]
[WhiteElo "1709"]
[BlackElo "1797"]
[WhiteClock "00:26:04"]
[BlackClock "00:30:33"]
[PlyCount "74"]
[WhiteFideId "12977675"]
[BlackFideId "12942839"]
[EventCountry "GER"]
[EventRounds "11"]
[EventType "swiss"]
[EventDate "2015.05.23"]

1. e4 e5 2. Nf3 Nc6 3. Bb5 a6 4. Ba4 Nf6 5. O-O Be7 6. Qe2 b5 7. Bb3 O-O 8. d4
Nxd4 9. Nxd4 exd4 10. e5 Ne8 11. c3 c5 12. cxd4 c4 13. Bc2 d5 14. Qh5 f5 15. f4
Be6 16. a3 Qb6 17. Rd1 Nc7 18. Nc3 a5 19. Ne2 g6 20. Qf3 b4 21. b3 a4 22. bxc4
b3 23. Bb1 b2 24. Bxb2 Qxb2 25. Bd3 dxc4 26. Rdb1 Qd2 27. Rd1 Qa5 28. Bc2 Nd5
29. h3 Rab8 30. g4 fxg4 31. hxg4 Nxf4 32. Nxf4 Bg5 33. Qc6 Rb6 34. Qc7 Bxf4 35.
Rab1 Be3+ 36. Kg2 Qd5+ 37. Kg3 Qf3+ 0-1

[Event "DEM U12/U12w 2015"]
[Site "Willingen GER"]
[Date "2015.05.25"]
[Round "4"]
[White "Dietz, Florian"]
[Black "Helmer, Jan"]
[Result "0-1"]
[Termination "normal"]
[Board "9"]
[WhiteElo "1844"]
[BlackElo "1691"]
[PlyCount "64"]
[WhiteFideId "12939897"]
[BlackFideId "12956686"]
[EventCountry "GER"]
[EventRounds "11"]
[EventType "swiss"]
[EventDate "2015.05.23"]

1. e4 e6 2. d4 d5 3. Nd2 Nf6 4. e5 Nfd7 5. Bd3 c5 6. c3 Nc6 7. Ne2 cxd4 8. cxd4
f6 9. Nf4 Nxd4 10. Qh5+ Ke7 11. Ng6+ hxg6 12. Qxh8 Nxe5 13. Bb1 Kf7 14. O-O Qb6
15. Kh1 Bd7 16. a4 Rc8 17. Qh3 Ne2 18. Nb3 Nxc1 19. Nxc1 Qxb2 20. Nb3 Rc3 21.
Qh7 Qxb3 22. h3 f5 23. f4 Nc4 24. Ba2 Qb6 25. Bxc4 dxc4 26. Rab1 Rb3 27. Rbd1
Bc6 28. Qh4 Bc5 29. Qh8 Bxg2+ 30. Kxg2 Qc6+ 31. Kh2 Rb2+ 32. Kg3 Rg2+ 0-1

[Event "DEM U12/U12w 2015"]
[Site "Willingen GER"]
[Date "2015.05.25"]
[Round "4"]
[White "Grabbel, Lennart"]
[Black "Brückner, Alexander"]
[Result "0-1"]
[Termination "normal"]
[Board "10"]
[WhiteElo "1584"]
[BlackElo "1821"]
[PlyCount "52"]
[WhiteFideId "16201620"]
[BlackFideId "12952613"]
[EventCountry "GER"]
[EventRounds "11"]
[EventType "swiss"]
[EventDate "2015.05.23"]

1. d4 Nf6 2. c4 g6 3. Nc3 d5 4. cxd5 Nxd5 5. e4 Nb6 6. Be3 Bg7 7. Bd3 O-O 8.
Nge2 Nc6 9. Bc2 e6 10. O-O Bd7 11. e5 Nb4 12. Bb3 Bc6 13. Qd2 Bd5 14. Nxd5
N4xd5 15. Bh6 Qe7 16. Rac1 Rac8 17. Bxg7 Kxg7 18. Qa5 a6 19. a3 Rfd8 20. Rc2
Qg5 21. Rfc1 Nf4 22. Nxf4 Qxf4 23. Rxc7 Qxc1+ 24. Rxc1 Rxc1+ 25. Bd1 Rxd1+ 26.
Qe1 Rxe1# 0-1

[Event "DEM U12/U12w 2015"]
[Site "Willingen GER"]
[Date "2015.05.25"]
[Round "4"]
[White "Asadzade, Idris"]
[Black "Yi, Danny"]
[Result "0-1"]
[Termination "normal"]
[Board "11"]
[WhiteElo "1746"]
[BlackElo "1778"]
[PlyCount "90"]
[WhiteFideId "12997285"]
[BlackFideId "12988588"]
[EventCountry "GER"]
[EventRounds "11"]
[EventType "swiss"]
[EventDate "2015.05.23"]

1. Nf3 d5 2. c4 c6 3. e3 Nf6 4. d4 Bf5 5. Qb3 Qc7 6. Nc3 e6 7. Be2 Bd6 8. O-O
O-O 9. Bd2 Ne4 10. Rac1 dxc4 11. Qxc4 Nxd2 12. Nxd2 Bxh2+ 13. Kh1 Bd6 14. Nb5
Qe7 15. Nxd6 Qxd6 16. e4 Bg6 17. f4 h6 18. f5 exf5 19. exf5 Bh7 20. Ne4 Qe7 21.
Bd3 Nd7 22. Rce1 Qh4+ 23. Kg1 Nf6 24. Re3 Nxe4 25. Rxe4 Qf6 26. Rf3 Bxf5 27.
Rg4 Bxd3 28. Qxd3 Qe7 29. Rfg3 g5 30. Qf5 f6 31. Rh3 Kg7 32. Re4 Qf7 33. Ree3
Rh8 34. Qc5 Rhe8 35. Qf5 Qd5 36. Qg4 Qd6 37. Qh5 Rh8 38. Qg4 Rae8 39. Rxe8 Rxe8
40. Rf3 Qd5 41. a3 Re4 42. Qg3 Qxd4+ 43. Rf2 Re1+ 44. Kh2 Qe5 45. Re2 Rh1+ 0-1